000 00494nam a2200193Ia 4500
005 20240823025921.0
008 240823s9999||||xx |||||||||||||| ||und||
020 _a978-81-309-0831-1
041 _aENGLISH
082 _A621.3028 P8
100 _aSidorkin A S
245 0 _aDomain Structure in ferroelectrics and Related Materials
250 _a1st
260 _c2008
_b"Viva Books, Privated Li"
500 _aYES
650 _aDomain Structure
_bCivil
942 _cBK
999 _c187457
_d187457